[Event "Orsha Blitz 2019"]
[Site "Orsha"]
[Date "2019.01.19"]
[Round "8.9"]
[White "Mihajlovskij, Sergei"]
[Black "Goltseva, Ekaterina"]
[Result "1-0"]
[WhiteElo "2406"]
[BlackElo "2150"]
[PlyCount "101"]
[EventDate "2019.01.19"]
[EventType "swiss (blitz)"]
[EventRounds "10"]
[EventCountry "BLR"]

1. d4 d5 2. Nf3 Nf6 3. c4 dxc4 4. e3 Bg4 5. Bxc4 e6 6. h3 Bh5 7. Nc3 Nbd7 8.
Ne2 Bxf3 9. gxf3 c5 10. Rg1 Rc8 11. Bb3 cxd4 12. Nxd4 Nc5 13. Bc2 g6 14. Bd2
Bg7 15. b4 Ncd7 16. Bb3 Qe7 17. Rc1 O-O 18. Rxc8 Rxc8 19. Qe2 a6 20. Kf1 Nb6
21. f4 Nfd5 22. f5 exf5 23. Qf3 Qe5 24. h4 h5 25. a4 Nc4 26. Be1 Rc7 27. Rg3
Qe4 28. Qe2 Nf6 29. Kg1 Nd6 30. Bc2 Qe5 31. Rg5 Nfe4 32. Rg2 Qf6 33. Bb3 Qxh4
34. f3 Qe7 35. fxe4 Qxe4 36. Bg3 Rc1+ 37. Kh2 Ne8 38. Bf4 Nf6 39. Qd2 Ng4+ 40.
Rxg4 hxg4 41. Qxc1 Qd3 42. Qc2 Qf1 43. Bg3 Bxd4 44. exd4 Qh3+ 45. Kg1 Qxg3+ 46.
Kf1 Qf3+ 47. Ke1 Qe3+ 48. Kf1 Qxd4 49. Ba2 Qxb4 50. Qc7 Qf4+ 51. Qxf4 1-0

[Event "Orsha Blitz 2019"]
[Site "Orsha"]
[Date "2019.01.19"]
[Round "8.10"]
[White "Saxonov, Leonid"]
[Black "Yashmetov, Mikhail"]
[Result "0-1"]
[WhiteElo "2011"]
[BlackElo "2375"]
[PlyCount "68"]
[EventDate "2019.01.19"]
[EventType "swiss (blitz)"]
[EventRounds "10"]
[EventCountry "BLR"]

1. e4 g6 2. d4 Bg7 3. Be3 c5 4. c3 Qb6 5. Qd2 cxd4 6. cxd4 Nf6 7. f3 O-O 8. Nc3
d6 9. Bc4 Qc7 10. Bb3 Nc6 11. Nge2 e5 12. d5 Na5 13. O-O Nc4 14. Bxc4 Qxc4 15.
Rac1 Qa6 16. a3 Bd7 17. Na2 Rfc8 18. Nb4 Qa5 19. Rxc8+ Bxc8 20. Rc1 Qd8 21. Qc3
Ne8 22. Nd3 Bd7 23. Qb4 b6 24. Qd2 f5 25. Nb4 fxe4 26. fxe4 Qh4 27. Nc3 Nf6 28.
Bf2 Qh5 29. h3 Rf8 30. Nc6 Bxh3 31. gxh3 Qxh3 32. Be1 Bh6 33. Qd1 Ng4 34. Rc2
Rf1# 0-1

[Event "Orsha Blitz 2019"]
[Site "Orsha"]
[Date "2019.01.19"]
[Round "9.2"]
[White "Grishchenko, Sergey"]
[Black "Krylov, Ivan"]
[Result "0-1"]
[WhiteElo "2467"]
[BlackElo "2312"]
[PlyCount "65"]
[EventDate "2019.01.19"]
[EventType "swiss (blitz)"]
[EventRounds "10"]
[EventCountry "BLR"]

1. d4 d5 2. c4 dxc4 3. Nf3 a6 4. e4 b5 5. a4 Bb7 6. Nc3 b4 7. Bxc4 e6 8. Ne2
Bxe4 9. Nf4 Nf6 10. Ne5 Bd5 11. Nxd5 exd5 12. Bd3 Be7 13. O-O O-O 14. Qf3 c5
15. dxc5 Qc7 16. Bf4 Qxc5 17. Rac1 Qb6 18. Qh3 Ne4 19. Be3 Qd6 20. Bd4 Bf6 21.
Nf3 Nd7 22. Qg4 Bxd4 23. Nxd4 Ndf6 24. Qh3 Rfd8 25. Nf5 Qd7 26. f3 Qa7+ 27. Kh1
Nf2+ 28. Rxf2 Qxf2 29. Rf1 Qxb2 30. Qg3 Nh5 31. Qg5 g6 32. g4 Qf6 33. Qh6 0-1

[Event "Orsha Blitz 2019"]
[Site "Orsha"]
[Date "2019.01.19"]
[Round "9.3"]
[White "Tsaruk, Maksim"]
[Black "Borsuk, Yuriy"]
[Result "0-1"]
[WhiteElo "2329"]
[BlackElo "2385"]
[PlyCount "60"]
[EventDate "2019.01.19"]
[EventType "swiss (blitz)"]
[EventRounds "10"]
[EventCountry "BLR"]

1. e4 e5 2. Nf3 Nc6 3. Bb5 a6 4. Ba4 Nge7 5. O-O d6 6. c3 b5 7. Bc2 Ng6 8. a4
b4 9. d4 bxc3 10. bxc3 Be7 11. Nbd2 O-O 12. h3 f5 13. exf5 Bxf5 14. Bxf5 Rxf5
15. Ne4 d5 16. Ng3 Rf7 17. dxe5 Ncxe5 18. Nxe5 Nxe5 19. Qh5 Bf6 20. Be3 Nc4 21.
Bd4 Bxd4 22. cxd4 c6 23. Qg4 Qf6 24. f3 Ne3 25. Qh5 Nxf1 26. Rxf1 Qxd4+ 27. Kh2
Raf8 28. Re1 Qf4 29. a5 Rf6 30. Rb1 Rg6 0-1

[Event "Orsha Blitz 2019"]
[Site "Orsha"]
[Date "2019.01.19"]
[Round "9.4"]
[White "Meshkov, Yuri A"]
[Black "Mihajlovskij, Sergei"]
[Result "0-1"]
[WhiteElo "2387"]
[BlackElo "2406"]
[PlyCount "70"]
[EventDate "2019.01.19"]
[EventType "swiss (blitz)"]
[EventRounds "10"]
[EventCountry "BLR"]

1. c4 g6 2. g3 Bg7 3. Bg2 Nf6 4. Nc3 O-O 5. e4 d6 6. Nge2 c5 7. h3 Nc6 8. d3 a6
9. O-O Rb8 10. a4 Nd7 11. Be3 Nd4 12. Rb1 e6 13. b4 Qc7 14. Bxd4 cxd4 15. Na2
a5 16. Qd2 axb4 17. Qxb4 Nc5 18. Nac1 Bd7 19. a5 Ra8 20. Nb3 Nxd3 21. Qd2 Ne5
22. Nbxd4 Nxc4 23. Qb4 Nxa5 24. Rfc1 Nc6 25. Qxb7 Qxb7 26. Rxb7 Nxd4 27. Nxd4
Bxd4 28. Rxd7 Ra2 29. Rf1 Bc5 30. Rc7 Rb8 31. e5 Bb6 32. Rc6 dxe5 33. Kh2 Bxf2
34. Rd1 Bd4 35. Rc7 Rbb2 0-1

[Event "Orsha Blitz 2019"]
[Site "Orsha"]
[Date "2019.01.19"]
[Round "9.5"]
[White "Zarubitski, Viachaslau"]
[Black "Zabotin, Alexander"]
[Result "1-0"]
[WhiteElo "2233"]
[BlackElo "2439"]
[PlyCount "129"]
[EventDate "2019.01.19"]
[EventType "swiss (blitz)"]
[EventRounds "10"]
[EventCountry "BLR"]

1. e4 c5 2. Nf3 d6 3. d4 cxd4 4. Nxd4 Nf6 5. Nc3 Nc6 6. Bg5 e6 7. Qd2 a6 8.
O-O-O Bd7 9. f3 b5 10. Kb1 Rc8 11. g4 h5 12. gxh5 Rxh5 13. h4 Ne5 14. a3 Qc7
15. Rg1 Nc6 16. Nxc6 Bxc6 17. Bf4 Rxh4 18. Bxd6 Bxd6 19. Qxd6 Qxd6 20. Rxd6 Ke7
21. Rd1 g6 22. Ne2 Nd7 23. Nd4 Bb7 24. Rd2 Ne5 25. Be2 Rh2 26. Rgd1 g5 27. b3
Rc3 28. Kb2 Re3 29. a4 bxa4 30. bxa4 Kf6 31. a5 Rh8 32. Rf1 Rb8 33. Nb3 Ke7 34.
Rf2 g4 35. fxg4 Bxe4 36. Bxa6 Bd5 37. Bd3 Nxg4 38. Rfe2 f5 39. a6 f4 40. Rxe3
fxe3 41. Re2 Bf3 42. Re1 e5 43. Kc3 Kf6 44. Nc5 Kg5 45. Ra1 Ra8 46. a7 Nf6 47.
Bb5 Nd5+ 48. Kd3 Nb4+ 49. Kc3 Nd5+ 50. Kd3 Nb4+ 51. Kc3 Nd5+ 52. Kd3 Nb4+ 53.
Kc3 Nd5+ 54. Kc4 Nc7 55. Bd7 Rh8 56. Kd3 Kf4 57. Ne6+ Nxe6 58. Bxe6 e4+ 59. Kd4
Rd8+ 60. Bd5 e2 61. a8=Q Rxa8 62. Bxa8 e3 63. Bxf3 Kxf3 64. c4 Kf2 65. c5 1-0

[Event "Orsha Blitz 2019"]
[Site "Orsha"]
[Date "2019.01.19"]
[Round "9.6"]
[White "Teterev, Vitaly"]
[Black "Vorobjov, Pavel"]
[Result "0-1"]
[WhiteElo "2407"]
[BlackElo "2369"]
[PlyCount "96"]
[EventDate "2019.01.19"]
[EventType "swiss (blitz)"]
[EventRounds "10"]
[EventCountry "BLR"]

1. e4 c5 2. Nf3 Nc6 3. Bb5 e6 4. O-O Nge7 5. Re1 a6 6. Bf1 d5 7. exd5 Nxd5 8.
d4 Nf6 9. Be3 cxd4 10. Nxd4 Bd7 11. c4 Bb4 12. Nd2 Nxd4 13. Bxd4 Bc6 14. Be3
O-O 15. a3 Bd6 16. b4 Qc7 17. h3 Bh2+ 18. Kh1 Be5 19. Rb1 Rfd8 20. Qc2 Bd4 21.
Bxd4 Rxd4 22. Nb3 Be4 23. Qc3 Rd7 24. Rbc1 b6 25. c5 b5 26. Rcd1 Rxd1 27. Rxd1
Qf4 28. Kg1 Nd5 29. Qd4 Bc2 30. Na5 Bxd1 31. Qxd1 Qc7 32. g3 Rd8 33. Qc2 h5 34.
h4 Ne7 35. Bg2 Qd7 36. Kh2 Qd2 37. Qe4 Qxf2 38. c6 Nf5 39. Qf3 Qc2 40. Nb7 Rd3
41. Qf4 Rxg3 42. Qe4 Qc3 43. Nc5 Rg4 44. Qf3 Qe5+ 45. Kg1 Rg3 46. Qf2 Nxh4 47.
Nd7 Qa1+ 48. Qf1 Rxg2+ 0-1

[Event "Orsha Blitz 2019"]
[Site "Orsha"]
[Date "2019.01.19"]
[Round "9.7"]
[White "Yashmetov, Mikhail"]
[Black "Bialiauski, Artsiom"]
[Result "1-0"]
[WhiteElo "2375"]
[BlackElo "1668"]
[PlyCount "83"]
[EventDate "2019.01.19"]
[EventType "swiss (blitz)"]
[EventRounds "10"]
[EventCountry "BLR"]

1. Nf3 Nf6 2. g3 d5 3. Bg2 c5 4. O-O Nc6 5. d4 cxd4 6. Nxd4 Bd7 7. c4 e6 8. Nc3
dxc4 9. Nxc6 bxc6 10. Qa4 Qc7 11. Bf4 e5 12. Bg5 Be7 13. Qxc4 O-O 14. Rfd1 Rac8
15. Rac1 Be6 16. Qa4 Qb6 17. Qc2 c5 18. Bxf6 Bxf6 19. Nd5 Bxd5 20. Bxd5 Rfe8
21. e4 Re7 22. b3 Rec7 23. Qc4 g6 24. h4 h5 25. Kg2 Kg7 26. Rd3 Rd8 27. Rcd1
Be7 28. Rf3 f6 29. Kh2 a5 30. Rg1 Rh8 31. Kg2 Qb4 32. Qa6 a4 33. Rd1 Rd8 34.
Qe6 Rf8 35. Qa6 Rd8 36. Rfd3 Rd6 37. Qa8 Rd8 38. Qa6 Rd6 39. Qa8 Rd8 40. Qxa4
Qxa4 41. bxa4 Ra8 42. Bxa8 1-0

[Event "Orsha Blitz 2019"]
[Site "Orsha"]
[Date "2019.01.19"]
[Round "9.8"]
[White "Vlassow, Valentin"]
[Black "Badelka, Olga"]
[Result "1/2-1/2"]
[WhiteElo "2309"]
[BlackElo "2219"]
[PlyCount "68"]
[EventDate "2019.01.19"]
[EventType "swiss (blitz)"]
[EventRounds "10"]
[EventCountry "BLR"]

1. d4 d5 2. Bf4 Nf6 3. e3 e6 4. Nf3 Bd6 5. Bg3 b6 6. c3 O-O 7. Nbd2 c5 8. Ne5
Qc7 9. Bd3 Ba6 10. Qe2 Bxd3 11. Qxd3 Nbd7 12. Nxd7 Qxd7 13. O-O cxd4 14. exd4
Bxg3 15. hxg3 b5 16. Nb3 Ne4 17. Kh2 Qc6 18. f3 Nd6 19. Nc5 Nb7 20. b4 Nd6 21.
a4 a6 22. Ra2 Nc4 23. Rfa1 bxa4 24. Nxa4 a5 25. Nc5 axb4 26. cxb4 Rxa2 27. Rxa2
e5 28. dxe5 Qh6+ 29. Kg1 Qc1+ 30. Kh2 Qh6+ 31. Kg1 Qc1+ 32. Kh2 Qh6+ 33. Kg1
Qc1+ 34. Kh2 Qh6+ 1/2-1/2

[Event "Orsha Blitz 2019"]
[Site "Orsha"]
[Date "2019.01.19"]
[Round "9.9"]
[White "Vashchilov, Sergey"]
[Black "Gogolev, Artem"]
[Result "0-1"]
[WhiteElo "2098"]
[BlackElo "2301"]
[PlyCount "118"]
[EventDate "2019.01.19"]
[EventType "swiss (blitz)"]
[EventRounds "10"]
[EventCountry "BLR"]

1. e4 c5 2. Nf3 Nf6 3. Nc3 d5 4. Bb5+ Bd7 5. Bxd7+ Qxd7 6. exd5 Nxd5 7. Nxd5
Qxd5 8. O-O Nc6 9. b3 e5 10. Re1 Be7 11. Bb2 f6 12. d3 O-O 13. Nd2 Rad8 14. a4
b6 15. Nc4 Rfe8 16. Qg4 Nd4 17. Ne3 Qd7 18. Qxd7 Rxd7 19. Rac1 Rc8 20. Kf1 Bf8
21. Nc4 Kf7 22. f3 h5 23. Kf2 g6 24. Bxd4 cxd4 25. Ra1 Rdc7 26. Re2 Rc6 27. g3
a6 28. Ra2 b5 29. axb5 axb5 30. Ra7+ Ke6 31. Na5 Rxc2 32. Rb7 Rxe2+ 33. Kxe2
Rc2+ 34. Kd1 Rxh2 35. Rxb5 Rg2 36. Rb6+ Kf5 37. Nc4 Rxg3 38. Rb8 Be7 39. b4
Rxf3 40. Ke2 Rg3 41. b5 Rg2+ 42. Kf3 Rg1 43. b6 Rd1 44. Ke2 Rb1 45. b7 Bc5 46.
Na5 Bd6 47. Rd8 Bc7 48. Rc8 Bd6 49. Rd8 Ke6 50. Rg8 Bc7 51. Nc6 Rxb7 52. Rxg6
Rb2+ 53. Ke1 Bd6 54. Nd8+ Kf5 55. Rh6 Bb4+ 56. Kf1 Rh2 57. Nc6 Bd2 58. Ne7+ Ke6
59. Ng8 Bxh6 0-1

[Event "Orsha Blitz 2019"]
[Site "Orsha"]
[Date "2019.01.19"]
[Round "9.10"]
[White "Aliakbarov, Anar"]
[Black "Lazavik, Denis"]
[Result "1/2-1/2"]
[WhiteElo "2268"]
[BlackElo "1978"]
[PlyCount "95"]
[EventDate "2019.01.19"]
[EventType "swiss (blitz)"]
[EventRounds "10"]
[EventCountry "BLR"]

1. d4 d5 2. c4 c6 3. Nf3 Nf6 4. e3 Bf5 5. Nc3 e6 6. Nh4 Bg6 7. Nxg6 hxg6 8. Qb3
Qb6 9. Bd2 Nbd7 10. g3 Rc8 11. Bg2 Bd6 12. f4 O-O 13. c5 Qxb3 14. axb3 Bb8 15.
b4 a6 16. Kf2 Bc7 17. h3 Nh7 18. e4 dxe4 19. Nxe4 Nhf6 20. Rhe1 Nd5 21. h4 N7f6
22. Bf3 Rfd8 23. Bc3 Ne7 24. Nxf6+ gxf6 25. h5 gxh5 26. Bxh5 f5 27. Bf3 Nd5 28.
Bxd5 Rxd5 29. Rh1 Kg7 30. Rh5 Rh8 31. Rxh8 Kxh8 32. Kf3 Kg7 33. Rg1 Bd8 34. Ke3
Kg6 35. Rh1 Bf6 36. Rh2 Rd8 37. Rh1 Bg7 38. Rh2 Bf6 39. Rh1 Kg7 40. Rh2 Rh8 41.
Rxh8 Kxh8 42. Kf3 Kg7 43. b3 Kg6 44. Bb2 Be7 45. Bc3 Kh7 46. Bb2 Kg8 47. Bc3
Kf8 48. Bb2 1/2-1/2

[Event "Orsha Blitz 2019"]
[Site "Orsha"]
[Date "2019.01.19"]
[Round "10.2"]
[White "Moskalenko, Alexander"]
[Black "Borsuk, Yuriy"]
[Result "1/2-1/2"]
[WhiteElo "2510"]
[BlackElo "2385"]
[PlyCount "153"]
[EventDate "2019.01.19"]
[EventType "swiss (blitz)"]
[EventRounds "10"]
[EventCountry "BLR"]

1. Nf3 Nf6 2. b3 g6 3. Bb2 Bg7 4. g3 d5 5. c4 c6 6. Bg2 O-O 7. O-O b6 8. d4 Bb7
9. Nc3 Nbd7 10. e3 Rc8 11. Rc1 e6 12. Ba3 Re8 13. Qe2 c5 14. cxd5 Nxd5 15. Nxd5
Bxd5 16. dxc5 Nxc5 17. Bxc5 bxc5 18. Nd2 Bxg2 19. Kxg2 Qd5+ 20. f3 Red8 21. Nc4
h5 22. Rfd1 Qb7 23. Nd6 Qc7 24. Nxc8 Rxc8 25. Rc4 Qa5 26. Qd2 Qa6 27. Qc2 Bf8
28. Rd7 Ra8 29. Qd2 Qc6 30. Qd3 a5 31. Rd8 Ra7 32. Qe4 Qc7 33. Rd2 Bg7 34. f4
Kh7 35. h3 Bf6 36. g4 hxg4 37. hxg4 Bg7 38. g5 Qe7 39. Qc6 Rc7 40. Qd6 Qxd6 41.
Rxd6 e5 42. Rd5 exf4 43. exf4 Re7 44. Kf3 Bd4 45. Rcxc5 Re3+ 46. Kg4 Bxc5 47.
Rxc5 a4 48. Rb5 Re2 49. Ra5 Rxa2 50. Rxa4 Rc2 51. Rc4 Rb2 52. Rb4 Rc2 53. Rc4
Rb2 54. b4 Rb3 55. f5 gxf5+ 56. Kxf5 Kg7 57. Rg4 Rb1 58. Rf4 Re1 59. Re4 Rb1
60. Rd4 Rf1+ 61. Ke5 Kg6 62. Rf4 Rd1 63. Rf6+ Kg7 64. b5 Rg1 65. Kf4 Rf1+ 66.
Ke4 Rg1 67. Rf5 Rb1 68. Kd4 Kg6 69. Rd5 Rc1 70. Re5 f6 71. gxf6 Kxf6 72. Kd5
Rd1+ 73. Kc6 Kxe5 74. b6 Rc1+ 75. Kd7 Rd1+ 76. Kc7 Rc1+ 77. Kd7 1/2-1/2

[Event "Orsha Blitz 2019"]
[Site "Orsha"]
[Date "2019.01.19"]
[Round "10.3"]
[White "Mihajlovskij, Sergei"]
[Black "Zarubitski, Viachaslau"]
[Result "0-1"]
[WhiteElo "2406"]
[BlackElo "2233"]
[PlyCount "128"]
[EventDate "2019.01.19"]
[EventType "swiss (blitz)"]
[EventRounds "10"]
[EventCountry "BLR"]

1. d4 Nf6 2. Nf3 e6 3. Bg5 Be7 4. Nbd2 h6 5. Bh4 b6 6. e4 Bb7 7. Bd3 d5 8. e5
Nfd7 9. Bxe7 Qxe7 10. O-O Ba6 11. c4 O-O 12. Rc1 Rc8 13. Bb1 c5 14. Re1 Nc6 15.
cxd5 exd5 16. Qc2 Nf8 17. dxc5 Nb4 18. Qa4 bxc5 19. a3 Nd3 20. Qxa6 Nxe1 21.
Rxe1 Rab8 22. b3 Ne6 23. Qd3 Qb7 24. h4 Kf8 25. Qf5 c4 26. bxc4 dxc4 27. Ne4 c3
28. Nd6 Qc7 29. Ba2 c2 30. Bxe6 c1=Q 31. Rxc1 Qxc1+ 32. Kh2 Rc7 33. Bxf7 Ke7
34. Qe6+ Kf8 35. Qf5 Ke7 36. Bd5 Rf8 37. Qe6+ Kd8 38. Nf5 Qf4+ 39. Kh3 Qxf5+
40. Qxf5 Rxf5 41. g4 Rf4 42. Kg3 Ra4 43. e6 Rxa3 44. Kf4 Rxf3+ 45. Kxf3 Ke7 46.
Ke4 Kd6 47. f4 Rc1 48. Bb3 Rb1 49. Ba2 Ra1 50. Bb3 a5 51. g5 a4 52. gxh6 gxh6
53. Bc4 a3 54. Kf5 Rc1 55. Ba2 Rc2 56. Bb3 Rb2 57. Bc4 a2 58. Bxa2 Rxa2 59. Kf6
h5 60. f5 Ra7 61. Kg6 Ke5 62. Kg5 Rg7+ 63. Kh6 Kf6 64. e7 Rxe7 0-1

[Event "Orsha Blitz 2019"]
[Site "Orsha"]
[Date "2019.01.19"]
[Round "10.4"]
[White "Vorobjov, Pavel"]
[Black "Yashmetov, Mikhail"]
[Result "1-0"]
[WhiteElo "2369"]
[BlackElo "2375"]
[PlyCount "151"]
[EventDate "2019.01.19"]
[EventType "swiss (blitz)"]
[EventRounds "10"]
[EventCountry "BLR"]

1. d4 Nf6 2. c4 g6 3. Nc3 d5 4. Bf4 Bg7 5. e3 O-O 6. Nf3 c5 7. dxc5 Qa5 8. Nd2
dxc4 9. Bxc4 Qxc5 10. Qe2 Nc6 11. O-O Bg4 12. f3 Bf5 13. Nb3 Qb6 14. Kh1 e5 15.
Bg5 h6 16. Bxf6 Bxf6 17. Nd5 Qd8 18. e4 Be6 19. Rad1 Bxd5 20. Bxd5 Qb6 21. f4
exf4 22. Rxf4 Ne5 23. Rdf1 Bg7 24. Nc1 Rad8 25. Nd3 Rd7 26. Nxe5 Bxe5 27. Rg4
Kg7 28. Qf3 Rd6 29. b3 Rf6 30. Qd1 Rxf1+ 31. Qxf1 Qe3 32. Rh4 f6 33. Rh3 Qd4
34. Rd3 Qc5 35. Rd1 Rc8 36. Qf3 Qe7 37. h4 h5 38. a4 Bb8 39. Qh3 Rd8 40. Rf1
Qe5 41. Rc1 Qf4 42. Re1 Qg3 43. Qxg3 Bxg3 44. Rc1 Rd7 45. Rc8 Bxh4 46. Kg1 b6
47. Kf1 Bg3 48. Ke2 g5 49. Kf3 Be5 50. Rg8+ Kh7 51. Ra8 g4+ 52. Ke3 Rc7 53. Bc4
Re7 54. Kd3 Kh6 55. Rg8 Rd7+ 56. Bd5 Kh7 57. Rc8 h4 58. Ke2 h3 59. gxh3 gxh3
60. Bg8+ Kh6 61. Be6 h2 62. Bxd7 f5 63. Rc1 fxe4 64. Rh1 Kg5 65. Ke3 Kf6 66.
Kxe4 Bg3 67. Bc6 Ke7 68. Kd5 Kf6 69. Kc4 Ke5 70. Kb5 Kd6 71. Bg2 Kc7 72. Ka6
Kb8 73. b4 Bd6 74. b5 Bg3 75. Bc6 Bc7 76. Rf1 1-0

[Event "Orsha Blitz 2019"]
[Site "Orsha"]
[Date "2019.01.19"]
[Round "10.5"]
[White "Novitzkij, Dmitrij"]
[Black "Grishchenko, Sergey"]
[Result "1-0"]
[WhiteElo "2256"]
[BlackElo "2467"]
[PlyCount "53"]
[EventDate "2019.01.19"]
[EventType "swiss (blitz)"]
[EventRounds "10"]
[EventCountry "BLR"]

1. e4 c6 2. d4 d5 3. e5 c5 4. dxc5 e6 5. Nf3 Bxc5 6. Bd3 Nc6 7. O-O Nge7 8. a3
Ng6 9. b4 Bb6 10. Bb2 Nf4 11. c4 a6 12. c5 Bc7 13. Bc2 f6 14. g3 Ng6 15. exf6
gxf6 16. Nc3 O-O 17. Re1 d4 18. Ne4 e5 19. Bb3+ Kh8 20. Qd2 Bg4 21. Kg2 Qd7 22.
Ng1 Be6 23. Bxe6 Qxe6 24. Qh6 Nce7 25. Nf3 Rg8 26. Kg1 Qg4 27. Nxf6 1-0

[Event "Orsha Blitz 2019"]
[Site "Orsha"]
[Date "2019.01.19"]
[Round "10.6"]
[White "Gogolev, Artem"]
[Black "Meshkov, Yuri A"]
[Result "1-0"]
[WhiteElo "2301"]
[BlackElo "2387"]
[PlyCount "81"]
[EventDate "2019.01.19"]
[EventType "swiss (blitz)"]
[EventRounds "10"]
[EventCountry "BLR"]

1. c4 g6 2. d4 Bg7 3. Nf3 d6 4. Nc3 Bg4 5. g3 Nc6 6. d5 Nb8 7. Bg2 Qc8 8. h3
Bd7 9. e4 c6 10. Be3 h5 11. Qd2 a5 12. Rc1 a4 13. Bd4 Nf6 14. e5 dxe5 15. Nxe5
O-O 16. Nxd7 Qxd7 17. O-O cxd5 18. cxd5 Ne8 19. Be3 Nd6 20. Kh2 Nc4 21. Qe2
Nxe3 22. Qxe3 Na6 23. Rfe1 Rfe8 24. b3 axb3 25. axb3 Bxc3 26. Qxc3 Qd6 27. Qd4
Rac8 28. h4 Nc5 29. Re3 e5 30. Qd2 f5 31. Rec3 b6 32. b4 Ne4 33. Rxc8 Nxd2 34.
Rxe8+ Kf7 35. Re6 Qxb4 36. Rc7+ Kf8 37. Rxg6 f4 38. Rh6 fxg3+ 39. fxg3 Kg8 40.
d6 Qb2 41. Bd5+ 1-0

[Event "Orsha Blitz 2019"]
[Site "Orsha"]
[Date "2019.01.19"]
[Round "10.7"]
[White "Strybuk, Artsiom I"]
[Black "Spizharny, Mikhail"]
[Result "1-0"]
[WhiteElo "1994"]
[BlackElo "2020"]
[PlyCount "139"]
[EventDate "2019.01.19"]
[EventType "swiss (blitz)"]
[EventRounds "10"]
[EventCountry "BLR"]

1. d4 Nf6 2. c4 c6 3. Nf3 d5 4. Nc3 dxc4 5. Ne5 Bf5 6. Nxc4 e6 7. f3 Be7 8. e4
Bg6 9. Be2 Nbd7 10. Be3 O-O 11. O-O Qc7 12. Rc1 Rfd8 13. Qb3 a6 14. a4 b5 15.
axb5 axb5 16. Nd2 Qb7 17. Rfd1 Nb6 18. Bf1 Nfd7 19. Bf2 e5 20. d5 Nc5 21. dxc6
Nxb3 22. cxb7 Nxc1 23. bxa8=Q Nxa8 24. Nd5 Bd6 25. Rxc1 f5 26. Bxb5 fxe4 27.
Nxe4 Bb8 28. Bc4 Kh8 29. b3 Bf5 30. Bh4 Rd7 31. Ra1 Nc7 32. Nxc7 Rxc7 33. Ra8
Rb7 34. Bf2 h6 35. Nc5 Rb4 36. Na6 Rb7 37. Rxb8+ Rxb8 38. Nxb8 Kh7 39. Nc6 Bd7
40. Nxe5 Be8 41. Bc5 g5 42. b4 Kg7 43. Kf2 Kf6 44. Nd3 Bc6 45. Ke3 Kf5 46. b5
Bb7 47. b6 g4 48. fxg4+ Kxg4 49. Nf2+ Kf5 50. g4+ Ke5 51. Bd4+ Kd6 52. Ne4+ Kc6
53. Nc3 Bc8 54. Bd5+ Kd6 55. b7 Bxb7 56. Bxb7 Ke6 57. Bf3 Kf7 58. Kf4 Kg6 59.
Be4+ Kf7 60. Nd5 Kg8 61. h4 Kf7 62. h5 Kg8 63. Bg6 Kf8 64. Bf6 Kg8 65. Ke5 Kf8
66. Kd6 Kg8 67. g5 Kf8 68. gxh6 Kg8 69. h7+ Kf8 70. h8=R# 1-0

[Event "Orsha Blitz 2019"]
[Site "Orsha"]
[Date "2019.01.19"]
[Round "10.8"]
[White "Tsaruk, Maksim"]
[Black "Teterev, Vitaly"]
[Result "0-1"]
[WhiteElo "2329"]
[BlackElo "2407"]
[PlyCount "252"]
[EventDate "2019.01.19"]
[EventType "swiss (blitz)"]
[EventRounds "10"]
[EventCountry "BLR"]

1. e4 c5 2. Nf3 d6 3. d4 cxd4 4. Nxd4 Nf6 5. f3 a6 6. c4 e6 7. Nc3 Be7 8. Be3
O-O 9. Be2 Qc7 10. O-O b6 11. Rc1 Nbd7 12. Qe1 Bb7 13. Qf2 Rab8 14. Rfd1 Rfc8
15. b4 Ne5 16. Nb3 Nfd7 17. Na4 Bd8 18. c5 dxc5 19. bxc5 b5 20. Nb6 Nxb6 21.
cxb6 Qe7 22. Na5 Nc6 23. Nxc6 Bxc6 24. a4 Qb7 25. axb5 axb5 26. Rxd8+ Rxd8 27.
Qg3 f6 28. Qc7 Rbc8 29. Qg3 e5 30. Qe1 Kh8 31. Qb4 h6 32. Rb1 Qd7 33. Bxb5 Bxb5
34. Qxb5 Qb7 35. Qb2 Ra8 36. h3 Rdc8 37. Kh2 Rc6 38. Qf2 Rac8 39. Rb2 Kh7 40.
Qd2 Ra8 41. Qb4 Rac8 42. Qb3 Rd8 43. Ra2 Rcd6 44. Ra7 Qc6 45. Qf7 R6d7 46. Qb3
Rb7 47. Rxb7 Qxb7 48. Kg1 Rd7 49. Kf2 Qc6 50. h4 h5 51. Ke2 Qd6 52. Qc2 Kg6 53.
Kf2 Qb4 54. Qc6 Qb2+ 55. Kg3 Rf7 56. Qe8 Qb3 57. Bf2 Qb4 58. Qc8 Qb5 59. Qf5+
Kh6 60. Be3+ g5 61. hxg5+ Kg7 62. gxf6+ Rxf6 63. Qg5+ Rg6 64. Kh4 Rxg5 65. Kxg5
Qb3 66. Bc5 Qb5 67. Be3 Qd3 68. Bc5 Qd2+ 69. Kf5 Qxg2 70. Kxe5 Qxf3 71. Kd5
Qb3+ 72. Kc6 Qe6+ 73. Bd6 Qxe4+ 74. Kc7 Qc4+ 75. Kd7 Qb5+ 76. Kc7 Qc4+ 77. Kd7
Qd5 78. Kc7 Qf7+ 79. Kc6 Qe8+ 80. Kc7 Qf7+ 81. Kc6 Qc4+ 82. Kd7 Qb5+ 83. Kc7
Qa5 84. Kc6 Qa6 85. Kc7 Qa5 86. Kc6 Qa6 87. Kc7 Qc4+ 88. Kd7 Qd5 89. Kc7 Kf7
90. b7 Ke6 91. Bh2 Qc5+ 92. Kd8 Qc6 93. b8=N Qb6+ 94. Bc7 Qb5 95. Kc8 h4 96.
Kd8 h3 97. Kc8 Qe8+ 98. Kb7 Kd5 99. Na6 Qc6+ 100. Ka7 Qb5 101. Nb8 Ke4 102. Na6
Kf3 103. Nb8 Qa4+ 104. Kb6 Kg2 105. Nc6 h2 106. Bxh2 Kxh2 107. Kc5 Kg3 108. Nd4
Qa7+ 109. Kd5 Qd7+ 110. Ke5 Kg4 111. Ne6 Qe7 112. Kd5 Kf5 113. Nd4+ Kf6 114.
Nc6 Qd7+ 115. Kc5 Ke6 116. Nd4+ Ke5 117. Nc6+ Ke4 118. Kb6 Kd5 119. Nb4+ Kd6
120. Na6 Qc6+ 121. Ka5 Qb7 122. Nb4 Kc5 123. Nd3+ Kc4 124. Ne5+ Kd5 125. Nd3
Qb3 126. Nb4+ Kc4 0-1

[Event "Orsha Blitz 2019"]
[Site "Orsha"]
[Date "2019.01.19"]
[Round "10.9"]
[White "Zabotin, Alexander"]
[Black "Vifleemskaia, Svetlana"]
[Result "1-0"]
[WhiteElo "2439"]
[BlackElo "2083"]
[PlyCount "151"]
[EventDate "2019.01.19"]
[EventType "swiss (blitz)"]
[EventRounds "10"]
[EventCountry "BLR"]

1. d4 Nc6 2. Nf3 d5 3. e3 Bg4 4. h3 Bh5 5. c4 e6 6. Nc3 Nf6 7. cxd5 Nxd5 8. Bb5
Bd6 9. Qa4 Nde7 10. e4 O-O 11. Be3 a6 12. Be2 b5 13. Qd1 Bb4 14. Rc1 Bg6 15.
Bd3 Qd7 16. a3 Ba5 17. O-O Bb6 18. d5 exd5 19. exd5 Na5 20. Bxb6 cxb6 21. Re1
Nf5 22. Ne5 Qb7 23. Be4 Rad8 24. Qc2 Nd6 25. Nxg6 hxg6 26. Bf3 Rfe8 27. Rxe8+
Rxe8 28. Ne2 Nac4 29. Rd1 Rc8 30. Qb1 Ne5 31. Nd4 Qc7 32. Be2 Qc5 33. Nf3 Nxf3+
34. Bxf3 Qc2 35. Qa1 Kf8 36. b4 Rc3 37. Re1 Qd3 38. Qd1 Qxd1 39. Rxd1 Rxa3 40.
Rc1 Nc4 41. Rd1 Ke7 42. h4 Kd6 43. h5 gxh5 44. Bxh5 g6 45. Bf3 Rb3 46. Ra1 a5
47. Re1 Rxb4 48. Re8 Kd7 49. Ra8 Nd6 50. Ra7+ Kd8 51. Ra6 Kc7 52. Ra7+ Kd8 53.
Ra6 a4 54. Rxb6 Kc7 55. Rc6+ Kd7 56. Ra6 Rb1+ 57. Kh2 Rb2 58. Ra7+ Kd8 59. Ra6
Kd7 60. Ra7+ Kd8 61. Kg3 Rb4 62. Ra6 Kd7 63. Ra7+ Kd8 64. Bg4 f5 65. Bf3 Ne4+
66. Kf4 Nd2+ 67. Ke5 Nc4+ 68. Ke6 a3 69. d6 Nxd6 70. Kxd6 Rd4+ 71. Kc5 Rd2 72.
Rxa3 Rxf2 73. Kd6 Ke8 74. Ke6 Kf8 75. Kf6 b4 76. Ra8# 1-0

[Event "Orsha Blitz 2019"]
[Site "Orsha"]
[Date "2019.01.19"]
[Round "10.10"]
[White "Bury, Gleb M"]
[Black "Vlassow, Valentin"]
[Result "0-1"]
[WhiteElo "1998"]
[BlackElo "2309"]
[PlyCount "148"]
[EventDate "2019.01.19"]
[EventType "swiss (blitz)"]
[EventRounds "10"]
[EventCountry "BLR"]

1. Nf3 d5 2. g3 Nf6 3. Bg2 c6 4. O-O Bg4 5. b3 Nbd7 6. Bb2 e6 7. h3 Bxf3 8.
exf3 Bd6 9. d3 O-O 10. f4 a5 11. a4 e5 12. fxe5 Bxe5 13. Qc1 Re8 14. Nd2 Qb6
15. Nf3 Bxb2 16. Qxb2 Re7 17. Rfe1 Rae8 18. Rxe7 Rxe7 19. Re1 Qb4 20. Rxe7 Qxe7
21. Qc3 Qc5 22. Qxc5 Nxc5 23. h4 Kf8 24. Bh3 Ke7 25. Kf1 Ne8 26. Ke2 Nd6 27.
Nd4 g6 28. f3 f5 29. f4 Nd7 30. Nf3 Nf7 31. Ke3 Kd6 32. Bg2 Nc5 33. Nd2 b5 34.
d4 Nd7 35. axb5 cxb5 36. Bf1 Kc6 37. Bd3 Nd6 38. h5 a4 39. bxa4 bxa4 40. c4
dxc4 41. Nxc4 Nb6 42. Ne5+ Kd5 43. Bb1 Ndc4+ 44. Kd3 Nxe5+ 45. dxe5 gxh5 46.
Ba2+ Kc5 47. Kc3 a3 48. Bb3 h4 49. gxh4 h6 50. Ba2 Na4+ 51. Kb3 Nb2 52. Kxa3
Nd3 53. Bb1 Nxf4 54. Bxf5 Kd5 55. e6 Nxe6 56. Kb2 Nd4 57. Bg4 Ke5 58. Kc3 Nf5
59. h5 Ne3 60. Bc8 Kf4 61. Kd3 Nf1 62. Ba6 Ng3 63. Kd2 Nxh5 64. Ke2 Ng3+ 65.
Kf2 h5 66. Kg2 Nf5 67. Kh3 Kg5 68. Be2 h4 69. Bd1 Ne3 70. Bf3 Nc2 71. Be2 Nd4
72. Bd1 Ne6 73. Be2 Nf4+ 74. Kh2 Nxe2 0-1